[PAROLES] Γ. Mosaïque solitaire - Damso - Statistiques

Statistiques générales
  • Ce quiz a été pris 398 fois
  • Le résultat moyen est 344 sur 637
Statistiques - réponses
Paroles % Correct
de
95%
De
95%
pas
93%
pas,
93%
pas.
93%
Je
92%
"je
92%
je
92%
la
92%
La
92%
là.
92%
92%
Me
92%
me
92%
no.
90%
dans
88%
m'a
88%
ma
88%
Ma
88%
se
88%
ce
87%
#Vie.
85%
à
84%
que
84%
vie,
84%
Vie
84%
vie
84%
vous
83%
c'est
82%
"C'est
82%
si
82%
ne
81%
né,
81%
fais
80%
le
79%
panique.
79%
pris
79%
c'que
78%
noir,
78%
serre
78%
fait
77%
j'fais
76%
moi
76%
Moi
76%
J'ai
74%
j'ai
74%
main,
73%
serez
73%
du
72%
Du
72%
par
72%
un
72%
bien,
70%
bien
70%
perdre
70%
ta
70%
tout,
70%
beaucoup
69%
bon",
69%
compagnie.
69%
d'amis.
69%
des
69%
Des
69%
Faible
69%
Batterie
68%
en
68%
"En
68%
Ils
68%
m'en
67%
comme
66%
Comme
66%
dit
66%
dit.
66%
loin
66%
toute
66%
veulent
66%
plus
65%
Plus
65%
ça
64%
ça ?
64%
mes
64%
Mes
64%
"Sa
64%
bonhomme
63%
chemin.
63%
et
63%
Donc
62%
donc
62%
Donc,
62%
neige,
62%
Quelque
61%
Vu
61%
vu
61%
au
60%
tu
60%
demander
59%
elle
59%
oui,
59%
oui.
59%
part,
59%
su
59%
J'suis
58%
j'suis
58%
Une
57%
bu
56%
pour
56%
mort
55%
qu'à
55%
toujours
55%
toujours.
55%
Toujours
55%
est
54%
font
54%
Paradis.
54%
aussi
53%
aussi.
53%
gros
53%
daron
52%
faire
52%
faire.
52%
famille.
52%
peu
52%
Peu
52%
trop,
52%
trop
52%
les
51%
leur
51%
mon
51%
près
51%
erreur
50%
manies,
50%
seule
50%
sinon
50%
Baise
49%
"Crève
49%
crève
49%
radis",
49%
suis
49%
coach
48%
fumer.
48%
Fumer
48%
jamais
48%
J'attends
48%
mais
48%
Mais
48%
merde,
48%
merde.
48%
non
48%
nuit.
48%
précarité.
48%
sans
48%
dis
47%
Elie
47%
M'demandez
47%
mis
47%
nos
47%
t'as
47%
t'en
47%
d'followers.
46%
d'respect
46%
fera
46%
manquera
46%
renoncé
46%
sort
46%
très
46%
vivre
46%
j'me
45%
l'Enfer
45%
lit
45%
ont
45%
t'auras
45%
car
44%
ciel
44%
J'sais
44%
j'sais
44%
raison
44%
tue,
44%
vulgarité.
44%
autant
43%
consoler.
43%
picolé,
43%
pleure
43%
ruiner.
43%
soi
43%
soi.
43%
sport.
43%
barillet,
42%
debout
41%
J'perds
41%
l'intérieur
41%
m'arrêter.
41%
noient.
41%
rien
41%
rien.
41%
soucis
41%
tant
41%
cause
40%
culs
40%
Damso,
40%
dèch'.
40%
empoisonné.
40%
Heureusement
40%
j'roule
40%
mal
40%
Pourquoi
40%
qu'on
40%
sorti
40%
tiré
40%
bosser
39%
gueule
39%
oh
39%
sous
39%
chances
38%
cœur.
38%
j'aime
38%
J'fume
38%
l'on
38%
mieux.
38%
mieux
38%
peine
38%
police
38%
qu'ça
38%
racistes
38%
veux
38%
y
38%
immortel.
37%
j'atterris,
37%
leurs
37%
mentalité.
37%
n'est
37%
Rapper,
37%
sablier,
37%
beuh.
36%
Casser
36%
d'sa
36%
encore
36%
jours
36%
l'heure ?
36%
mienne
36%
mille
36%
phone-tel.
36%
quoi
36%
riche
36%
tchoin.
36%
vision
36%
poumons
35%
répondre.
35%
schneck
35%
Seigneur"
35%
soute,
35%
torts,
35%
d'place
34%
Grosses
34%
grosses
34%
paradise.
34%
piste
34%
rose
34%
t'aime"
34%
Drogue
33%
l'futur
33%
m'dit.
33%
moins
33%
n'ai
33%
qu'il
33%
qu'la
33%
sentent
33%
temps
33%
cour
32%
Dieu",
32%
d'sable
32%
quand
32%
terre,
32%
appréhender
31%
après ?
31%
avec
31%
couteau
31%
décombres.
31%
Diplômé,
31%
dont
31%
"excusez
31%
Faut
31%
faut
31%
j'lui
31%
j'saurais
31%
prendre.
31%
récré.
31%
regrets
31%
Rêve
31%
soit
31%
Terre.
31%
va
31%
viens
31%
vois,
31%
aura
30%
d'sept
30%
liasses :
30%
l'sac
30%
l'temps
30%
Putain
30%
ble-ta.
29%
docile.
29%
d'toujours
29%
J'regrette
29%
l'air.
29%
passés
29%
qualité.
29%
sert
29%
cadrer
28%
Fiancé
28%
fils,
28%
l'ennemi
28%
maison
28%
maman,
28%
mère.
28%
cœurs",
27%
J'passe
27%
s'trouve
27%
tous
27%
Gethsémani.
26%
l'demandez
26%
ni
26%
rêver
26%
tellement
26%
Damsolitaire.
25%
Dems.
25%
hauteur.
25%
bats
24%
chacun
24%
habite
24%
présent
24%
blème-pro,
23%
décor.
23%
d'nous
23%
j'prends
23%
J'serai
23%
meurs
23%
nuits.
23%
burqa.
22%
dors
22%
Nostalgique
22%
peux
22%
rappeur
22%
Rosemark
22%
stress
22%
concerts.
21%
ille-cou,
21%
méprendre,
21%
sur
21%
tard
21%
ttes-cha
21%
cardio
20%
accident
19%
disques
19%
doobie,
19%
d'prendre
19%
sors,
19%
vasculaire.
19%
désinvolture
18%
java
18%
l'effort,
18%
n'emporte
18%
thunes
18%
aux
17%
cher,
17%
J'gagnerai
17%
recouvre
17%
secrétaires.
17%
d'la
16%
d'une
16%
l'tour
16%
sueur
16%
vésicule
16%
vient
16%
biliaire.
15%
ennemis
15%
j'digère
15%
j'ferai
15%
libère.
15%
père
15%
bile
14%
Équivaut
14%
J'crois
14%
Larges
14%
phones,
14%
pores.
14%
prennent
14%
vêtue
14%
baies
13%
réussite
13%
t'plaire,
13%
urbaine
13%
vitrées,
13%
barreaux
12%
bureaux,
12%
j'avance,
12%
j'pense
12%
tombées
12%
haine
11%
J'écarterai
10%
célèbre
9%
d'être
9%
l'âme
9%
quelques
9%
date
8%
mords
8%
prières.
8%
auxiliaires.
7%
d'hier.
7%
l'abbé,
7%
logique
7%
meurtrière.
7%
Devant
6%
folie
6%
j'aboie,
6%
Monsieur
6%
cite
5%
suite
5%
Triste
5%
précédé
4%
j'aurai,
2%
l’évangéliaire,
2%
Aucun quiz correspondant
Distribution des résultats
% des personnes avec chaque résultat
Percentile par nombre de réponses
Votre historique - résultats
Vous n’avez pas pris ce quiz